LIBRARY & INFORMATION CENTRE, KCAET, TAVANUR

ONLINE PUBLIC ACCESS CATALOGUE (OPAC)

Mechanical Design of machines (Record no. 13634)

MARC details
000 -LEADER
fixed length control field 00326nam a22001337a 4500
082 ## - DEWEY DECIMAL CLASSIFICATION NUMBER
Classification number 621.815
Item number SIE/ME
100 ## - MAIN ENTRY--AUTHOR NAME
Personal name Maleev, Vladimir L
245 ## - TITLE STATEMENT
Title Mechanical Design of machines
260 ## - PUBLICATION, DISTRIBUTION, ETC. (IMPRINT)
Place of publication Delhi
Name of publisher CBS Publishers & distributors
300 ## - PHYSICAL DESCRIPTION
Number of Pages 578
700 ## - ADDED ENTRY--PERSONAL NAME
Personal name Hartman, James B
700 ## - ADDED ENTRY--PERSONAL NAME
Personal name Siegel, Martin J
942 ## - ADDED ENTRY ELEMENTS (KOHA)
Koha item type Books
Holdings
Withdrawn status Lost status Damaged status Collection code Home library Current library Shelving location Date acquired Cost, normal purchase price Full call number Accession Number Koha item type
      Non-fiction KAUAET KAUAET General Stacks 09/03/1987 55.00 621.815 SIE/ME 16010 Books
free website counter